| 000 | 01748nam a2200517 i 4500 | ||
|---|---|---|---|
| 001 | 42025 | ||
| 003 | KOSZ 005 | ||
| 005 | 20220407102354.0 | ||
| 008 | 021119s2002 pl a f |000 0 pol | ||
| 015 | _aPB 2002/19138 | ||
| 020 | _a8372850526 | ||
| 035 | _a991019821779705066 | ||
| 035 | _a(PL-WaBN)b15373538-48omnis_nlop | ||
| 035 | _ab15373538 | ||
| 035 | _a(OCoLC)749484527 | ||
| 035 | _a(PL)b0000001537353 | ||
| 035 | _a(EXLNZ-48OMNIS_NETWORK)9910360378005606 | ||
| 040 |
_aWA N _cWA N _dKOSZ 005/HR |
||
| 041 | 0 | _apol | |
| 080 | _a005 | ||
| 080 | _a658.1/.5 | ||
| 080 | _a(07) | ||
| 245 | 0 | 0 | _aZarządzanie organizacjami. |
| 250 |
_aWyd. 2 / _bBogdan Nogalski [et al.]. |
||
| 260 |
_aToruń : _bTowarzystwo Naukowe Organizacji i Kierownictwa "Dom Organizatora", _c2002. |
||
| 300 |
_a613, [1] s. : _bil. ; _c24 cm. |
||
| 336 |
_2rdacontent _aTekst _btxt |
||
| 337 |
_2rdamedia _aBez urządzenia pośredniczącego _bn |
||
| 338 |
_2rdacarrier _aWolumin _bnc |
||
| 380 | _aKsiążki | ||
| 380 | _aPublikacje dydaktyczne | ||
| 388 | _a1901-2000 | ||
| 388 | _a1989-2000 | ||
| 500 | _aNa okł. i w wyd. 1 nazwa pierwszego aut.: Alfred Czermiński. | ||
| 504 | _aBibliogr. przy rozdz. | ||
| 658 | _aZarządzanie i marketing | ||
| 650 | 7 | _aZarządzanie | |
| 655 | 7 |
_aPodręcznik _2DBN |
|
| 650 | 7 |
_aOrganizacje _2DBN |
|
| 700 | 1 |
_aCzermiński, Alfred _d(1923-2011) _eAutor |
|
| 710 | 2 |
_aDom Organizatora w Toruniu (Towarzystwo Naukowe Organizacji i Kierownictwa) _4pbl |
|
| 700 | 1 |
_aNogalski, Bogdan _d(1946- ) _eAutor |
|
| 856 |
_uhttp://koha.tu.koszalin.pl/cgi-bin/koha/opac-detail.pl?biblionumber=42025 _yKatalog online BPK |
||
| 942 |
_2UKD _cKS |
||
| 999 |
_c42025 _d42025 |
||